Stolice państw na litery A i B! - Statystyki

Ogólne statystyki
  • Ten quiz został rozwiązany 202 razy
  • Średni wynik to 16 z 29
Statystyki odpowiedzi
Hint Odpowiedź % Poprawnych
Belgia Bruksela
99%
Azerbejdżan Baku
89%
Białoruś Mińsk
89%
Bułgaria Sofia
89%
Austria Wiedeń
89%
Andora Andora
88%
Brazylia Brasilia
85%
Australia Canberra
85%
Albania Tirana
85%
Argentyna Buenos Aires
84%
Bośnia i Hercegowina Sarajewo
78%
Algieria Algier
74%
Armenia Erywań
67%
Arabia Saudyjska Rijad
64%
Afganistan Kabul
60%
Boliwia Sucre
46%
Bangladesz Dhaka
40%
Bahamy Nassau
39%
Angola Luanda
37%
Belize Belmopan
30%
Bahrajn Manama
29%
Bhutan Thimphu
29%
Burkina Faso Wagadugu
27%
Brunei Bandar Seri Begawan
25%
Botswana Gaborone
25%
Barbados Bridgetown
22%
Benin Porto-Novo
22%
Antigua i Barbuda Saint John’s
21%
Burundi Gitega
17%
Nie znaleziono quizów pasujących do podanych kryteriów
Rozkład punktacji
Procent ludzi z każdym wynikiem
Percentyl według liczby udzielonych odpowiedzi
Twoja historia wyników
Nie rozwiązałeś tego quizu